01447 a2200193 45000010006000000050017000060080041000230030015000640400040000790800035001192450027001542500013001812640034001943000019002285050925002471000029011727000026012017000026012274836920260407155748.0260407a1966 arg spa dAR-UNSa-BCEJYS aAR-UNSa-BCEJYSbspacAR-UNSa-BCEJYS a330.34xDesarrollo Económico10aDesarrollo Económico a2da. ed. 1aNew York :bMcGraw-Hillc1966 a432 p.c23 cm. aPRIMERA PARTE: La teoría del desarrollo económico: 1. Crecimiento económico y desarrollo - 2. Aspectos no económicos del desarrollo - 3. Teorías del crecimiento económico - 4. La tierra - 5. El capital - 6. El trabajo - 7. La organización - 8. Tecnología - 9. La dimensión - 10. Transformación - SEGUNDA PARTE: Problemas de política interior: 11. La asignación directa de recursos en oposición a la asignación mediante el sistema de precios - 12. Industrialización o agricultura - 13. Problemas de la política monetaria y fiscal - 14. Tecnología de utilización intensiva de capital y tecnología de empleo intensivo de trabajo - 15. El problema de la población - TERCERA PARTE: Aspectos internacionales: 16. Comercio exterior o autarquía - 17. La financiación exterior - 18. Cooperación regional - 19. Las relaciones con los países desarrollados - 20. Algunas conclusiones.1 aKindleberger, Charles P.1 aCremades Cepa, Rafael1 aReig Garcia, Víctor